Harrap's concise French-English dictionary = Dictionnaire Anglais-Francais

Shranjeno v:
Bibliografske podrobnosti
Format: Knjiga
Jezik:Undetermined
Izdano: London Harrap
Teme:
Oznake: Označite
Brez oznak, prvi označite!
Thư viện lưu trữ: Trung tâm Học liệu Trường Đại học Cần Thơ
LEADER 00426nam a2200145Ia 4500
001 CTU_928
008 210402s9999 xx 000 0 und d
082 |a 443.21 
082 |b H296 
245 0 |a Harrap's concise French-English dictionary 
245 0 |b = Dictionnaire Anglais-Francais 
260 |a London 
260 |b Harrap 
650 |a french language - dictionaries 
980 |a Trung tâm Học liệu Trường Đại học Cần Thơ